| 000 | 01206 a2200349 4500 | ||
|---|---|---|---|
| 001 | 200419895 | ||
| 650 | 0 | 0 |
_940733 _aGenetically modified foods |
| 650 | 0 | 0 |
_aGenetiği değiştirilmiş besinler _9103279 |
| 650 | 0 | 0 |
_aBesin _xBiyoteknoloji _9100046 |
| 650 | 0 | 0 |
_993094 _aFood _xBiotechnology |
| 650 | 0 | 0 |
_9100050 _aTransgenic organisms |
| 650 | 0 | 0 |
_9100047 _aTransgenik organizmalar |
| 710 |
_aT.C. Kalkınma Bakanlığı _9106635 |
||
| 999 |
_c200419895 _d37423 |
||
| 003 | TR-AnTOB | ||
| 005 | 20240902102546.0 | ||
| 008 | 140704s tu 000 0 | ||
| 020 | _a9786054667703 | ||
| 040 |
_aTR-AnTOB _btur _erda |
||
| 041 | 0 | _atur | |
| 050 | 0 | 0 |
_aTP248.65 _bO58 2014 |
| 090 | _aTP248.65 O58 2014 | ||
| 245 | 1 | 0 |
_aOnuncu Kalkınma Planı 2014/2018 Tarımsal Yapıda Etkinlik ve Gıda Güvenliği : _bÖzel İhtisas Komisyonu Raporu 2023 / _cT.C. Kalkınma Bakanlığı. |
| 264 |
_aAnkara: _bT.C. Kalkınma Bakanlığı, _c2014 |
||
| 300 |
_a56 s. ; _c28 cm. |
||
| 336 |
_atext _2rdacontent |
||
| 337 |
_aunmediated _2rdamedia |
||
| 338 |
_avolume _2rdacarrier |
||
| 650 | 0 | 0 |
_aAgricultural biotechnology _xHealth aspects _993097 |
| 650 |
_aTarımsal biyoteknoloji _xSağlık yönleri _993098 |
||
| 942 | _cBK | ||